Aprender a aprender (Registro nro. 170055)
[ vista simple ]
| 000 -LEADER | |
|---|---|
| fixed length control field | 02120nam a22002777a 4500 |
| 007 - PHYSICAL DESCRIPTION FIXED FIELD--GENERAL INFORMATION | |
| fixed length control field | cr|||| |||| |
| 008 - FIXED-LENGTH DATA ELEMENTS--GENERAL INFORMATION | |
| fixed length control field | 210618s2018 co |||||s|||| 00||0 spa d |
| 020 ## - INTERNATIONAL STANDARD BOOK NUMBER | |
| International Standard Book Number | 978-958-762-912-5 |
| 035 ## - | |
| -- | 33437 |
| 040 ## - CATALOGING SOURCE | |
| Original cataloging agency | vLex |
| 090 ## - | |
| -- | 11819 |
| -- | 11819 |
| 100 1# - MAIN ENTRY--PERSONAL NAME | |
| Personal name | García León, Francisco V. |
| 245 10 - TITLE STATEMENT | |
| Title | Aprender a aprender |
| Medium | [Recurso electrónico] : |
| Remainder of title | Hábitos, métodos, estrategias y técnicas de estudio: guía para el aprendizaje significativo / |
| Statement of responsibility, etc | Francisco V. García León, Jéssica E. Mendoza Montoya, Narciso Fernández Saucedo |
| 256 ## - | |
| -- | Servicio en línea |
| 260 ## - PUBLICATION, DISTRIBUTION, ETC. (IMPRINT) | |
| Place of publication, distribution, etc | Bogotá: |
| Name of publisher, distributor, etc | Ediciones de la U, |
| Date of publication, distribution, etc | 2018 |
| 300 ## - PHYSICAL DESCRIPTION | |
| Extent | 1 recurso electrónico |
| 500 ## - GENERAL NOTE | |
| General note | En la sociedad del conocimiento y de las tecnologías de la información, el docente que actúa sin conocer ni aplicar los principios neuropsicopedagógicos de la enseñanza-aprendizaje camina por la oscuridad pedagógica. Igual sucede con el estudiante que no desarrolla la capacidad ni la competencia para aprender a aprender; sin embargo, docentes y estudiantes pueden ver la luz de la sabiduría combinando conocimiento y práctica, además de formar hábitos de estudio desde bases cerebrales con la inclusión de métodos, estrategias y técnicas adecuados, que permitan el ahorro de tiempo y esfuerzo, condición necesaria para que el estudiante alcance el desarrollo personal y social con éxito, mediante la planificación previa al desarrollo de sus actividades académicas. |
| 506 1# - RESTRICTIONS ON ACCESS NOTE | |
| Terms governing access | Disponible solo en los productos indicados |
| Authorized users | vLex Global |
| -- | vLex Global (Academic Edition, excluding Law Schools) |
| -- | vLex Global (U.S. Academic Edition, Law Schools) |
| -- | vLex Global (U.S. Academic Edition, excluding Law Schools) |
| -- | vLex Global (Academic Edition, Law Schools) |
| 650 04 - SUBJECT ADDED ENTRY--TOPICAL TERM | |
| Topical term or geographic name as entry element | Educación |
| Geographic subdivision | Colombia |
| 700 1# - ADDED ENTRY--PERSONAL NAME | |
| Personal name | Mendoza Montoya, Jéssica E. |
| 700 1# - ADDED ENTRY--PERSONAL NAME | |
| Personal name | Fernández Saucedo, Narciso |
| 740 0# - | |
| -- | vLex Libros (Servicio en línea) |
| 856 40 - LOCALIZACIÓN Y ACCESO ELECTRÓNICO | |
| Identificador Uniforme del Recurso (URI/URL) | https://vlex.com/source/aprender-a-aprender-habitos-metodos-estrategias-y-tecnicas-de-estudio-guia-para-el-aprendizaje-significativo-33437 |
| 942 ## - | |
| -- | RAA |
| 999 ## - | |
| -- | 170055 |
| -- | 170055 |
No hay ítems disponibles.